00784nam a2200205 a 450000100100000000500170001000800410002704000250006808200190009310000240011224501380013626000570027430000280033149000570035965000170041665000310043365000270046470000300049183000570052100001983220200929170145.0100707s1968 sp a r 000 0 spa d aDO-SdBNPbspacBNPHU a635.982bF413g1 aFeslikenian, Franca10aGuía breve de jardinería :bcultivos en jardín, balcones e interiores /cFranca Feslikenian ; traducción Baudilio Juscafresa. aBarcelona, (España) :bEditorial de Vecchi,c1968. a169 p. :bil. ;c19 cm.1 aColección biblioteca práctica de Vecchi ;vno.19 4aJardinería 4aJardinería de interiores 4aJardinería de azotea1 aJuscafresa, Baudilioetr. 0aColección biblioteca práctica de Vecchi ;nno.19